|
|
|
|
| LEADER |
00000nab a2200000 a 4500 |
| 001 |
vtls009460480 |
| 003 |
SK-MaSNL |
| 005 |
20260304164715.0 |
| 008 |
250507c2008 xo |||||| | ||00 b|slo |
| 015 |
|
|
|a SNBRB2008/11
|2 snkbucl
|
| 035 |
|
|
|a (uuid)9efc290b-0bc2-4cb2-877a-6aa6dce7979d
|
| 035 |
|
|
|a urn:nbn:sk:snk-ab2qcx
|
| 035 |
|
|
|a (urnnbn)urn:nbn:sk:snk:ar-a02rex
|
| 038 |
|
|
|a SNKBUCL
|
| 040 |
|
|
|a SNKBUCL
|b slo
|c SNKBUCL
|e AACR2
|
| 041 |
0 |
|
|a slo
|
| 044 |
|
|
|a xo
|c SK
|
| 080 |
|
|
|a 7.035.93
|2 2001
|
| 080 |
|
|
|a 069.9
|2 2006
|
| 080 |
|
|
|a 069.02
|x (437.6)
|2 2001
|
| 080 |
|
|
|a 061.4
|2 2001
|
| 100 |
1 |
|
|a Nociarová, Dita,
|d 1960-
|4 aut
|9 42052
|
| 245 |
1 |
0 |
|a Ohlasy secesie
|b výstava zo zbierok Novohradského múzea a galérie
|c Dita Nociarová
|
| 300 |
|
|
|b Fotogr.
|
| 610 |
2 |
7 |
|a Novohradské múzeum a galéria (Lučenec, Slovensko)
|2 snkbucl
|9 120667
|
| 648 |
|
7 |
|a 2008
|2 snkbucl
|9 317238
|
| 648 |
|
7 |
|a 9.5.-15.6.2008
|2 snkbucl
|9 1493952
|
| 650 |
0 |
7 |
|a secesia
|2 SNKPH
|9 18025
|
| 650 |
0 |
7 |
|a výstavy
|2 SNKPH
|9 2780
|
| 773 |
0 |
|
|t Múzeum
|g Roč. LIV, č. 4 (2008), s. 27-28
|x 0027-5263
|
| 850 |
|
|
|a Slovenská národná knižnica
|
| 852 |
|
|
|a Slovenská národná knižnica
|
| 954 |
|
|
|a odborná, vedecká literatúra pôvodná (slovenská)
|2 lita
|
| 958 |
|
|
|a article27
|
| 958 |
|
|
|a OND
|
| 958 |
|
|
|a EUIPO
|
| 999 |
|
|
|c 2981221
|d 2983151
|